000 00737njm a2200265 c 4500
003 BLK
005 20240823005407.0
008 180410b bul||n||s|||||||| n|bulo|
010 _aCDD00009749000
040 _aBLK
041 _aBUL
_cBUL
100 1 _aMahler, Gustav
_917569
139 _aMahler, Gustav
_bM 18
245 1 0 _aSymphony No 2 in c "Resurrection" [аудио CD]
_bCD 1 - 2
_cGustav Mahler.
_nCD 2
257 _aBGR
260 Hollywood
_c1999 -
380 _a7
760 1 _aMahler, Gustav
_d1999
_tCD 2
852 _aЦб CD 4195
_p0
856 4 _qpdf
_u
856 4 _qpdf
_u
942 _cCDD
_n0
944 _aCR
_c18.07.2016
_k
_lCRON CRON
944 _aED
_c18.07.2016
_kВиолета_Тройчева
999 _c229001
_d229001